000 00711nam a22002177a 4500
999 _c15009
_d15009
003 AR-CdUCM
008 190425b ||||| |||| 00| 0 spa d
020 _a978-0-06-443422-5
040 _aMUNICIPALIDAD PROVINCIAL DEL CUSCO
_cBIBLIOTECA MUNICIPAL DEL CUSCO
082 _aPI / 808.06 /
_bSE474
100 _aSendak, Maurice
_934012
245 _aDonde viven los monstruos /
260 _aNew York :
_bHarpertrophy,
_c1996.
300 _bIlustraciones,
_c23 cm.
500 _aGanador de la medalla Caldecott al mejor libro ilustrado del año
650 _aCaldecott
_934013
650 _aLiteratura infantil
_9588
650 _aPrimera infancia
_924660
942 _2ddc
_cLIBROS
945 _adavv
_d25/04/2019